Rice cultivation for the million diagnosis of rice cultivation and techniques of yield increase

שמור ב:
מידע ביבליוגרפי
מחבר ראשי: Seizo Matsushima
פורמט: ספר
שפה:Undetermined
יצא לאור: Tokyo Japan Scientific Societies 1980
נושאים:
תגים: הוספת תג
אין תגיות, היה/י הראשונ/ה לתייג את הרשומה!
Thư viện lưu trữ: Trung tâm Học liệu Trường Đại học Cần Thơ
LEADER 00586nam a2200181Ia 4500
001 CTU_12926
008 210402s9999 xx 000 0 und d
082 |a 633.18 
082 |b M434r 
100 |a Seizo Matsushima 
245 0 |a Rice cultivation for the million diagnosis of rice cultivation and techniques of yield increase 
245 0 |c Seizo Matsushima 
260 |a Tokyo 
260 |b Japan Scientific Societies 
260 |c 1980 
650 |a rice - diseases and pests 
904 |i Nguyễn Quang Điền, 961120 
980 |a Trung tâm Học liệu Trường Đại học Cần Thơ